书目信息 |
| 题名: |
毛泽东传
|
|
| 作者: | 特里尔 ;刘路新高庆国 | |
| 分册: | ||
| 出版信息: | 石家庄 河北人民出版社 1989 |
|
| 页数: | 577 | |
| 开本: | 20cm | |
| 丛书名: | ||
| 单 册: | ||
| 中图分类: | A75 | |
| 科图分类: | ||
| 主题词: | 毛泽东--生平事迹 , 毛泽东--传记 | |
| 电子资源: | ||
| ISBN: | 7-202-00359-7 | |
| 000 | 00632nam0 2200217 450 | |
| 001 | 0735257515 | |
| 005 | 20070904094737.51 | |
| 010 | @a7-202-00359-7@d7.80 | |
| 100 | @a20070904d km y0chiy0120 ea | |
| 101 | 0 | @achi |
| 200 | 1 | @a毛泽东传@Amao ze dong chuan@f特里尔@Fte li er@g刘路新高庆国等@Gliu lu xin gao qing guo deng |
| 205 | @a修订本 | |
| 210 | @a石家庄@c河北人民出版社@d1989 | |
| 215 | @a577@d20cm | |
| 606 | 0 | @a毛泽东@x生平事迹 |
| 606 | 0 | @a毛泽东@x传记 |
| 690 | @aA75@v3 | |
| 701 | 0 | @a特里尔@Ate li er |
| 702 | 0 | @a刘路新高庆国@Aliu lu xin gao qing guo |
| 801 | 0 | @aCN@bPFT@c20070904 |
| 905 | @a213230@dA75@ea10@f1 | |
| 毛泽东传/特里尔/刘路新高庆国等.-修订本.-石家庄:河北人民出版社,1989 |
| 577;20cm |
| ISBN 7-202-00359-7:7.80 |
| ● |
| 相关链接 |
|
|
|
|
正题名:毛泽东传
索取号:A75/a10
 
预约/预借
| 序号 | 登录号 | 条形码 | 馆藏地/架位号 | 状态 | 备注 |
| 1 | 7500131 | 275001310 | 史法系资料室/ [索取号:A75/a10] | 在馆 |